[Event "DEM U12/U12w 2010"]
[Site "Oberhof GER"]
[Date "2010.05.24"]
[Round "4"]
[White "Schmid, Katharina"]
[Black "Silber, Stefanie"]
[Result "1/2-1/2"]
[Termination "normal"]
[Board "47"]
[WhiteElo "1056"]
[BlackElo "847"]
[PlyCount "61"]
[WhiteFideId "12918210"]
[BlackFideId "12918245"]
[EventCountry "GER"]
[EventRounds "11"]
[EventType "swiss"]
[EventDate "2010.05.22"]

1. e4 c6 2. d4 d5 3. Nc3 dxe4 4. Nxe4 Bf5 5. Ng3 Bg6 6. Nf3 Nf6 7. Bd3 Bxd3 8.
Qxd3 e6 9. O-O c5 10. Qb5+ Qd7 11. Qc4 b6 12. Bf4 Bd6 13. Bxd6 Qxd6 14. Rad1
O-O 15. dxc5 Qxc5 16. Qf4 Nc6 17. Rd2 Rad8 18. Rfd1 Rxd2 19. Rxd2 Nb4 20. Nd4
e5 21. Qf3 exd4 22. h3 Nxc2 23. Qb7 Qb4 24. Rxc2 d3 25. Rc3 d2 26. Qf3 Qxb2 27.
Rd3 Qxa2 28. Nf1 Rc8 29. Rxd2 Qc4 30. Ne3 Qc1+ 31. Rd1 1/2-1/2

[Event "DEM U12/U12w 2010"]
[Site "Oberhof GER"]
[Date "2010.05.25"]
[Round "5"]
[White "Keller, Peter"]
[Black "Müller, Constantin"]
[Result "1-0"]
[Termination "normal"]
[Board "1"]
[WhiteElo "1798"]
[BlackElo "1861"]
[PlyCount "93"]
[WhiteFideId "1272105"]
[BlackFideId "24697630"]
[EventCountry "GER"]
[EventRounds "11"]
[EventType "swiss"]
[EventDate "2010.05.22"]

1. e4 e6 2. Nf3 d5 3. Nc3 Nf6 4. e5 Nfd7 5. d4 c5 6. dxc5 Nc6 7. Bf4 Bxc5 8.
Bd3 f6 9. exf6 Nxf6 10. O-O a6 11. Ne5 O-O 12. a3 Qe8 13. Nxc6 Qxc6 14. Be5 b5
15. Qe2 Bb7 16. Rae1 b4 17. axb4 Bxb4 18. Bd4 Rae8 19. f4 Bc5 20. Bxc5 Qxc5+
21. Kh1 Qb4 22. Rf3 Nh5 23. Rh3 g6 24. g3 Qd6 25. Qg4 d4+ 26. Ne4 Nf6 27. Qh4
Qe7 28. Kg1 Nxe4 29. Bxe4 Qxh4 30. Rxh4 Bxe4 31. Rxe4 Rb8 32. b3 Rfc8 33. Rxd4
Rxc2 34. b4 a5 35. f5 exf5 36. Rhf4 a4 37. b5 Rxb5 38. Rxa4 Rb1+ 39. Rf1 Rbb2
40. Rd1 Rg2+ 41. Kf1 Rxh2 42. Kg1 Rbg2+ 43. Kf1 Rxg3 44. Rd7 Rh1+ 45. Kf2 Ra3
46. Rxa3 Rh2+ 47. Kg1 1-0

[Event "DEM U12/U12w 2010"]
[Site "Oberhof GER"]
[Date "2010.05.25"]
[Round "5"]
[White "Sawlin, Leonid"]
[Black "Bach, Jannik"]
[Result "1-0"]
[Termination "normal"]
[Board "2"]
[WhiteElo "1865"]
[BlackElo "1680"]
[PlyCount "49"]
[WhiteFideId "4689542"]
[BlackFideId "24615900"]
[EventCountry "GER"]
[EventRounds "11"]
[EventType "swiss"]
[EventDate "2010.05.22"]

1. e4 Nc6 2. d4 d5 3. e5 f6 4. Bd3 g6 5. exf6 Nxf6 6. c3 e5 7. Ne2 a6 8. O-O
Bg7 9. Bg5 O-O 10. Bc2 Kh8 11. Ng3 exd4 12. cxd4 Be6 13. h4 Qd7 14. Nc3 Ne7 15.
h5 Nf5 16. Nxf5 Bxf5 17. h6 Bxc2 18. hxg7+ Kxg7 19. Qxc2 c6 20. Qd2 Rf7 21. f3
Re8 22. Rae1 Rxe1 23. Rxe1 Qf5 24. Re5 Qd7 25. Na4 1-0

[Event "DEM U12/U12w 2010"]
[Site "Oberhof GER"]
[Date "2010.05.25"]
[Round "5"]
[White "Perske, Thore"]
[Black "Xiong, Ferdinand"]
[Result "0-1"]
[Termination "normal"]
[Board "3"]
[WhiteElo "1659"]
[BlackElo "1901"]
[PlyCount "48"]
[WhiteFideId "12902195"]
[BlackFideId "24654132"]
[EventCountry "GER"]
[EventRounds "11"]
[EventType "swiss"]
[EventDate "2010.05.22"]

1. e4 c5 2. d3 Nc6 3. g3 e6 4. Bg2 Nf6 5. Nf3 Be7 6. O-O d5 7. Nbd2 b5 8. Re1
Ba6 9. e5 Nd7 10. h4 h6 11. Nf1 g5 12. hxg5 hxg5 13. N1h2 Qc7 14. Ng4 Rh5 15.
Bd2 O-O-O 16. c3 Rdh8 17. b4 Kb8 18. bxc5 Nxc5 19. Qc2 Qc8 20. Reb1 Qg8 21. a4
Qh7 22. Kf1 b4 23. c4 Bxc4 24. Ne1 Nxd3 0-1

[Event "DEM U12/U12w 2010"]
[Site "Oberhof GER"]
[Date "2010.05.25"]
[Round "5"]
[White "Flüchter, Gregor"]
[Black "Donchenko, Alexander"]
[Result "0-1"]
[Termination "normal"]
[Board "4"]
[WhiteElo "1721"]
[BlackElo "2094"]
[PlyCount "86"]
[WhiteFideId "12903396"]
[BlackFideId "24603295"]
[EventCountry "GER"]
[EventRounds "11"]
[EventType "swiss"]
[EventDate "2010.05.22"]

1. e4 c5 2. Nf3 d6 3. c3 Nf6 4. Be2 Nc6 5. d4 cxd4 6. cxd4 Nxe4 7. d5 Qa5+ 8.
Nc3 Nxc3 9. bxc3 Nd8 10. O-O e5 11. Re1 Be7 12. a4 Bd7 13. Qb3 O-O 14. Ba3 f6
15. Bb4 Qc7 16. c4 b6 17. Rac1 Nb7 18. Red1 Nc5 19. Bxc5 Qxc5 20. Nd2 f5 21.
Nb1 Rf6 22. Nc3 Rg6 23. Rd3 Bh4 24. Rf1 Bf6 25. Rg3 Rh6 26. Kh1 Kh8 27. Qc2 Bh4
28. Rf3 Bg5 29. g3 e4 30. Nxe4 fxe4 31. Qxe4 Bf6 32. Re3 Qd4 33. Qxd4 Bxd4 34.
Re7 Bxa4 35. Re6 Rf6 36. f4 Re8 37. Bd1 Rexe6 38. dxe6 Bc6+ 39. Bf3 Bxf3+ 40.
Rxf3 Rxe6 41. f5 Re3 42. Rxe3 Bxe3 43. Kg2 a5 0-1

[Event "DEM U12/U12w 2010"]
[Site "Oberhof GER"]
[Date "2010.05.25"]
[Round "5"]
[White "Wiesner, Paula"]
[Black "Schröder, Jan-Christian"]
[Result "0-1"]
[Termination "normal"]
[Board "5"]
[WhiteElo "1863"]
[BlackElo "1965"]
[PlyCount "52"]
[WhiteFideId "24654019"]
[BlackFideId "24662259"]
[EventCountry "GER"]
[EventRounds "11"]
[EventType "swiss"]
[EventDate "2010.05.22"]

1. d4 d5 2. c4 e6 3. Nc3 Nf6 4. cxd5 exd5 5. Bg5 Nbd7 6. e3 Be7 7. Qc2 O-O 8.
Bd3 c6 9. Nf3 Re8 10. O-O Nf8 11. Rab1 Ng6 12. b4 Bd6 13. b5 h6 14. Bxf6 Qxf6
15. bxc6 bxc6 16. Ne2 Bg4 17. Nd2 Rac8 18. Nb3 Nh4 19. Ng3 Nxg2 20. Rfc1 Nh4
21. Bf1 Nf3+ 22. Kh1 Qh4 23. Bh3 Qxh3 24. Nf1 Bxh2 25. Nc5 Bg1+ 26. Nh2 Qxh2#
0-1

[Event "DEM U12/U12w 2010"]
[Site "Oberhof GER"]
[Date "2010.05.25"]
[Round "5"]
[White "Grigorian, Spartak"]
[Black "Berkes, Alexander"]
[Result "1-0"]
[Termination "normal"]
[Board "6"]
[WhiteElo "1800"]
[BlackElo "1610"]
[PlyCount "67"]
[WhiteFideId "24661490"]
[BlackFideId "12901636"]
[EventCountry "GER"]
[EventRounds "11"]
[EventType "swiss"]
[EventDate "2010.05.22"]

1. e4 e5 2. Nf3 d6 3. d4 exd4 4. Nxd4 Nf6 5. Nc3 Be7 6. g3 O-O 7. Bg2 Re8 8. h3
Nbd7 9. O-O Nc5 10. Re1 h6 11. g4 Ne6 12. Nf5 Bf8 13. f4 g6 14. Ng3 c6 15. Be3
Qc7 16. Qd2 b5 17. f5 d5 18. fxe6 Qxg3 19. exf7+ Kxf7 20. Bxh6 dxe4 21. Bxf8
Kxf8 22. Qh6+ Kf7 23. Re3 Qd6 24. Nxe4 Nxe4 25. Qh7+ Kf8 26. Rf1+ Bf5 27. gxf5
g5 28. Bxe4 Qd4 29. Qh6+ Ke7 30. Qxg5+ Kd7 31. Qf4 Rg8+ 32. Kh1 Qg7 33. Ra3 Kc8
34. Qd6 1-0

[Event "DEM U12/U12w 2010"]
[Site "Oberhof GER"]
[Date "2010.05.25"]
[Round "5"]
[White "Kollars, Dmitrij"]
[Black "Hirschmann, Jakob"]
[Result "1-0"]
[Termination "normal"]
[Board "7"]
[WhiteElo "1611"]
[BlackElo "1770"]
[PlyCount "71"]
[WhiteFideId "12909572"]
[BlackFideId "24652067"]
[EventCountry "GER"]
[EventRounds "11"]
[EventType "swiss"]
[EventDate "2010.05.22"]

1. e4 e6 2. d4 d5 3. Nd2 Nf6 4. e5 Nfd7 5. Bd3 c5 6. c3 Nc6 7. Ne2 Be7 8. Nf3
cxd4 9. cxd4 f6 10. exf6 Nxf6 11. O-O O-O 12. Re1 Bd6 13. Nc3 Re8 14. Bg5 Rf8
15. Rc1 Bd7 16. a3 Rc8 17. Nb5 Be7 18. Qd2 a6 19. Nc3 Na5 20. Qc2 h6 21. Bh4
Qb6 22. Ne5 Be8 23. b4 Nc6 24. Nxc6 Rxc6 25. Qd2 Kh8 26. Bb1 Rg8 27. Na4 Qc7
28. Rxc6 bxc6 29. Rxe6 Bf7 30. Rxf6 Re8 31. Rxf7 Kg8 32. Rxe7 Rxe7 33. Bxe7
Qxe7 34. Qe3 Qf7 35. Nc5 Qh5 36. Qe6+ 1-0

[Event "DEM U12/U12w 2010"]
[Site "Oberhof GER"]
[Date "2010.05.25"]
[Round "5"]
[White "Schwarz, Larissa"]
[Black "Mager, Denis"]
[Result "1-0"]
[Termination "normal"]
[Board "9"]
[WhiteElo "1526"]
[BlackElo "1538"]
[PlyCount "95"]
[WhiteFideId "24699004"]
[BlackFideId "24691127"]
[EventCountry "GER"]
[EventRounds "11"]
[EventType "swiss"]
[EventDate "2010.05.22"]

1. e4 e6 2. d4 d5 3. e5 c5 4. c3 Nc6 5. Nf3 Qb6 6. a3 cxd4 7. cxd4 Nh6 8. b4
Nf5 9. Be3 a6 10. Be2 Bd7 11. O-O Be7 12. Nc3 O-O 13. Rc1 Rac8 14. Na4 Qa7 15.
Nc5 Rfd8 16. Qd3 f6 17. exf6 Bxf6 18. Ng5 Bxg5 19. Bxg5 Nfe7 20. Bg4 Rc7 21.
Nxd7 Rcxd7 22. Bxe6+ Kh8 23. Bxd7 Rxd7 24. Rfe1 Qb8 25. Re2 h6 26. Bh4 Qf8 27.
Rce1 Qf5 28. Qc3 Ng6 29. Bg3 h5 30. Be5 Ngxe5 31. dxe5 d4 32. Qd2 d3 33. Re3
Qf4 34. e6 Rd6 35. Rd1 Ne5 36. e7 Re6 37. Rxd3 Qxd2 38. R3xd2 Rxe7 39. Kf1 Kh7
40. Re2 Kg6 41. f4 Nc6 42. Rxe7 Nxe7 43. Rd7 Kf6 44. Rxb7 Nd5 45. g3 Ne3+ 46.
Ke2 Nc4 47. a4 g6 48. Ra7 1-0

[Event "DEM U12/U12w 2010"]
[Site "Oberhof GER"]
[Date "2010.05.25"]
[Round "5"]
[White "Bauer, Björn-Benny"]
[Black "Peters, Tom"]
[Result "1-0"]
[Termination "normal"]
[Board "10"]
[WhiteElo "1821"]
[BlackElo "1551"]
[PlyCount "61"]
[WhiteFideId "24698741"]
[BlackFideId "24694444"]
[EventCountry "GER"]
[EventRounds "11"]
[EventType "swiss"]
[EventDate "2010.05.22"]

1. d4 d5 2. c4 c6 3. Nc3 Nf6 4. Nf3 dxc4 5. a4 Bf5 6. e3 e6 7. Bxc4 Bb4 8. O-O
Nbd7 9. Qe2 O-O 10. e4 Bg6 11. Bd3 Bh5 12. Bg5 e5 13. d5 Qc7 14. Rac1 a6 15.
dxc6 bxc6 16. Bxf6 Nxf6 17. Nd5 Nxd5 18. exd5 Bxf3 19. Qxf3 c5 20. Qe4 f5 21.
Qxb4 cxb4 22. Rxc7 a5 23. d6 e4 24. Bc4+ Kh8 25. d7 Rad8 26. Be6 f4 27. Rfc1 e3
28. f3 e2 29. Kf2 Rf6 30. Rc8 e1=Q+ 31. Rxe1 1-0

[Event "DEM U12/U12w 2010"]
[Site "Oberhof GER"]
[Date "2010.05.25"]
[Round "5"]
[White "Damm, Nils"]
[Black "Baskin, Robert"]
[Result "1/2-1/2"]
[Termination "normal"]
[Board "11"]
[WhiteElo "1639"]
[BlackElo "1828"]
[PlyCount "50"]
[WhiteFideId "24693065"]
[BlackFideId "24662402"]
[EventCountry "GER"]
[EventRounds "11"]
[EventType "swiss"]
[EventDate "2010.05.22"]

1. c4 e5 2. g3 Nf6 3. Bg2 d5 4. cxd5 Nxd5 5. Nc3 Nb6 6. Nf3 Nc6 7. O-O Be7 8.
a3 O-O 9. b4 Be6 10. Rb1 f6 11. d3 Qd7 12. Bb2 Rad8 13. Ne4 Qe8 14. Rc1 a6 15.
Nc5 Bxc5 16. Rxc5 e4 17. Ne1 exd3 18. Nxd3 Bd5 19. Bxd5+ Nxd5 20. Qb3 Qf7 21.
e4 Nb6 22. Qxf7+ Rxf7 23. Nf4 Na4 24. Rc2 Rfd7 25. f3 Nxb2 1/2-1/2

[Event "DEM U12/U12w 2010"]
[Site "Oberhof GER"]
[Date "2010.05.25"]
[Round "5"]
[White "Hamid, Emran"]
[Black "Reimers, Juri"]
[Result "1/2-1/2"]
[Termination "normal"]
[Board "13"]
[WhiteElo "1700"]
[BlackElo "1688"]
[PlyCount "49"]
[WhiteFideId "12903566"]
[BlackFideId "24661511"]
[EventCountry "GER"]
[EventRounds "11"]
[EventType "swiss"]
[EventDate "2010.05.22"]

1. c4 Nf6 2. g3 Nc6 3. Bg2 e6 4. Nf3 d6 5. O-O g6 6. Nc3 Bg7 7. d3 O-O 8. Bd2
h6 9. a3 a5 10. h3 Ne8 11. Qc2 Kh7 12. Rab1 f5 13. e3 e5 14. Nd5 Ne7 15. Nxe7
Qxe7 16. Nh2 Nf6 17. b4 axb4 18. axb4 Rb8 19. Ra1 b6 20. Ra7 Nh5 21. Rc1 Be6
22. c5 bxc5 23. bxc5 d5 24. Ba5 Rfc8 25. Nf1 1/2-1/2

[Event "DEM U12/U12w 2010"]
[Site "Oberhof GER"]
[Date "2010.05.25"]
[Round "5"]
[White "Brandl, Lea"]
[Black "Manusina, Nicole"]
[Result "0-1"]
[Termination "normal"]
[Board "14"]
[WhiteElo "1529"]
[BlackElo "1789"]
[PlyCount "50"]
[WhiteFideId "24693049"]
[BlackFideId "24657514"]
[EventCountry "GER"]
[EventRounds "11"]
[EventType "swiss"]
[EventDate "2010.05.22"]

1. d4 d5 2. c4 e6 3. Nc3 Nf6 4. Bg5 Be7 5. Nf3 O-O 6. e3 h6 7. Bh4 b6 8. Bd3
Bb7 9. O-O Nbd7 10. Rc1 c5 11. Qe2 cxd4 12. exd4 dxc4 13. Bxc4 Rc8 14. Bb3 Re8
15. Rfd1 Nh5 16. Bxe7 Qxe7 17. Ba4 Nf4 18. Qe3 Ng6 19. Ne5 Ndxe5 20. Bxe8 Nc4
21. Bxf7+ Qxf7 22. Qe1 Nf4 23. f3 Nxb2 24. Qd2 Nxd1 25. Qxd1 Ba6 0-1

[Event "DEM U12/U12w 2010"]
[Site "Oberhof GER"]
[Date "2010.05.25"]
[Round "5"]
[White "Bykov, Ilya"]
[Black "Rempe, Moritz"]
[Result "0-1"]
[Termination "normal"]
[Board "15"]
[WhiteElo "1477"]
[BlackElo "1631"]
[PlyCount "82"]
[WhiteFideId "12918059"]
[BlackFideId "12906867"]
[EventCountry "GER"]
[EventRounds "11"]
[EventType "swiss"]
[EventDate "2010.05.22"]

1. e4 e6 2. d4 d5 3. e5 c5 4. c3 Qb6 5. Nf3 Nc6 6. a3 Nh6 7. b4 cxd4 8. cxd4
Nf5 9. Be3 Bd7 10. Be2 a5 11. b5 Nxe3 12. fxe3 Ne7 13. Nc3 a4 14. O-O Qa5 15.
Qd3 Rc8 16. Rac1 Ng6 17. Na2 Be7 18. Nd2 O-O 19. Rb1 Bxa3 20. e4 Be7 21. exd5
exd5 22. Bh5 Nh8 23. Bf3 Be6 24. Rfc1 Ng6 25. g3 Rfd8 26. Rc3 Bf5 27. Qxf5 Rxc3
28. Nxc3 Qxc3 29. Nf1 Qxd4+ 30. Kg2 Qxe5 31. Qc2 a3 32. Qa2 Nf8 33. b6 Ne6 34.
Rb5 Bc5 35. Nd2 Qd4 36. h4 Qg1+ 37. Kh3 Bf2 38. Bg2 Bc5 39. Bxd5 Bd6 40. Ne4
Qf1+ 41. Kg4 h5+ 0-1

[Event "DEM U12/U12w 2010"]
[Site "Oberhof GER"]
[Date "2010.05.25"]
[Round "5"]
[White "Bentel, Robin"]
[Black "Klöckner, Connor"]
[Result "1/2-1/2"]
[Termination "normal"]
[Board "16"]
[WhiteElo "1642"]
[BlackElo "1543"]
[PlyCount "89"]
[WhiteFideId "12918016"]
[EventCountry "GER"]
[EventRounds "11"]
[EventType "swiss"]
[EventDate "2010.05.22"]

1. d4 d5 2. c4 c6 3. cxd5 cxd5 4. Nc3 Nf6 5. Bf4 a6 6. e3 Nc6 7. Nf3 Qb6 8. Qc2
g6 9. b3 Bf5 10. Qd2 Bg7 11. Be2 O-O 12. O-O Rac8 13. Be5 Rfd8 14. Qb2 Qb4 15.
a3 Qb6 16. Na4 Qa7 17. Rac1 b6 18. Bxf6 Bxf6 19. Rc3 Qb7 20. Rfc1 Na7 21. Ne1
Rxc3 22. Rxc3 Rc8 23. Nc2 a5 24. Kf1 Nc6 25. b4 axb4 26. Nxb4 Nxb4 27. Qxb4
Rxc3 28. Nxc3 Bd7 29. Bb5 Bxb5+ 30. Qxb5 e6 31. Ke2 Kg7 32. Kd2 Qc7 33. g3 Be7
34. Qb3 Qa7 35. a4 Qa5 36. Qb5 Qa7 37. f3 Bf6 38. Kd3 Qc7 39. e4 dxe4+ 40. fxe4
Bd8 41. Qc4 Qd7 42. d5 exd5 43. Qxd5 Qc8 44. e5 Bc7 45. e6 1/2-1/2

[Event "DEM U12/U12w 2010"]
[Site "Oberhof GER"]
[Date "2010.05.25"]
[Round "5"]
[White "Zahn, Alina"]
[Black "Paulsen, Alexej"]
[Result "1/2-1/2"]
[Termination "normal"]
[Board "17"]
[WhiteElo "1550"]
[BlackElo "1549"]
[PlyCount "38"]
[WhiteFideId "24696730"]
[BlackFideId "24662372"]
[EventCountry "GER"]
[EventRounds "11"]
[EventType "swiss"]
[EventDate "2010.05.22"]

1. e4 c5 2. Nf3 Nc6 3. d4 cxd4 4. Nxd4 g6 5. c4 Bg7 6. Be3 d6 7. Nc3 Bd7 8. Be2
Nf6 9. f3 O-O 10. O-O a6 11. Qd2 Re8 12. Rfd1 Rc8 13. Rac1 Ne5 14. b3 Qa5 15.
Nd5 Qxd2 16. Rxd2 Nxd5 17. exd5 h6 18. Re1 g5 19. f4 gxf4 1/2-1/2

[Event "DEM U12/U12w 2010"]
[Site "Oberhof GER"]
[Date "2010.05.25"]
[Round "5"]
[White "Knorre, Jonas"]
[Black "Birnkraut, Tim"]
[Result "0-1"]
[Termination "normal"]
[Board "18"]
[WhiteElo "1733"]
[BlackElo "1686"]
[PlyCount "86"]
[WhiteFideId "24696900"]
[BlackFideId "24609587"]
[EventCountry "GER"]
[EventRounds "11"]
[EventType "swiss"]
[EventDate "2010.05.22"]

1. d4 d5 2. Nf3 Nf6 3. e3 Bf5 4. c4 e6 5. Qb3 b6 6. Nc3 Be7 7. Qa4+ c6 8. Ne5
Qc7 9. Be2 O-O 10. Bd2 Bd6 11. f4 Bxe5 12. fxe5 Ne4 13. Nxe4 Bxe4 14. Bb4 c5
15. dxc5 bxc5 16. Qa5 Qxa5 17. Bxa5 Rc8 18. O-O Nc6 19. Bc3 d4 20. exd4 cxd4
21. Bd2 Nxe5 22. b3 Bd3 23. Bxd3 Nxd3 24. Rf3 Ne5 25. Rf4 Nc6 26. Rd1 e5 27.
Rf5 g6 28. Rf6 Kg7 29. Rdf1 Rc7 30. b4 Nd8 31. c5 Ne6 32. R6f3 f5 33. g3 e4 34.
Rb3 d3 35. Bf4 Nxf4 36. gxf4 Rb8 37. a3 Rxc5 38. Kf2 Rc2+ 39. Kg3 Rd8 40. Rd1
h5 41. h4 Rdc8 42. b5 R2c3 43. Rxc3 Rxc3 0-1

[Event "DEM U12/U12w 2010"]
[Site "Oberhof GER"]
[Date "2010.05.25"]
[Round "5"]
[White "Sabirov, Ramil"]
[Black "Bardosch, Karl"]
[Result "1/2-1/2"]
[Termination "normal"]
[Board "19"]
[WhiteElo "1584"]
[BlackElo "1450"]
[PlyCount "140"]
[WhiteFideId "12900303"]
[BlackFideId "24696480"]
[EventCountry "GER"]
[EventRounds "11"]
[EventType "swiss"]
[EventDate "2010.05.22"]

1. e4 c5 2. Nf3 d6 3. Bb5+ Bd7 4. Bxd7+ Qxd7 5. c4 Nc6 6. Nc3 e6 7. d4 cxd4 8.
Nxd4 Nf6 9. O-O Be7 10. Be3 O-O 11. f3 a6 12. Qd2 Rac8 13. Rfd1 Nxd4 14. Qxd4
Qc6 15. Rac1 Rfd8 16. b3 Nd7 17. Qd2 Nb6 18. a4 Na8 19. Qf2 Re8 20. Qg3 Kh8 21.
Rd3 Nc7 22. Rcd1 Rcd8 23. Bf4 e5 24. Be3 f6 25. Qf2 Rd7 26. Qd2 Ne6 27. Nd5 Bf8
28. Nb6 Rdd8 29. a5 Qc7 30. Rd5 Kg8 31. Qc3 Qb8 32. Bc1 Nc7 33. R5d3 Ne6 34.
Ba3 Nd4 35. Qd2 Re6 36. Bb2 Nc6 37. Kh1 Ree8 38. Rd5 Kh8 39. b4 Re6 40. c5 Na7
41. f4 exf4 42. e5 fxe5 43. Bxe5 Nb5 44. Nc4 h6 45. Nxd6 Nxd6 46. Bxd6 Bxd6 47.
Rxd6 Rdxd6 48. cxd6 Re8 49. Qxf4 Rf8 50. Qd4 Rd8 51. Qb6 Kg8 52. Kg1 Kf7 53.
Rf1+ Kg8 54. Qc7 Qc8 55. Rc1 Qd7 56. Qxd7 Rxd7 57. Rc7 Rxd6 58. Rxb7 Kh7 59.
Rb6 Rd4 60. Rxa6 Rxb4 61. Rb6 Ra4 62. a6 Ra2 63. h3 Ra3 64. Kf2 Kg8 65. h4 Kf8
66. Rb8+ Ke7 67. Rb7+ Kf6 68. a7 g6 69. g4 h5 70. gxh5 gxh5 1/2-1/2

[Event "DEM U12/U12w 2010"]
[Site "Oberhof GER"]
[Date "2010.05.25"]
[Round "5"]
[White "Böhm, Jana"]
[Black "Kasel, Ronaldo"]
[Result "1/2-1/2"]
[Termination "normal"]
[Board "20"]
[WhiteElo "1298"]
[BlackElo "1575"]
[PlyCount "62"]
[WhiteFideId "24661589"]
[BlackFideId "24660949"]
[EventCountry "GER"]
[EventRounds "11"]
[EventType "swiss"]
[EventDate "2010.05.22"]

1. e4 e5 2. Nf3 Nc6 3. Bb5 a6 4. Ba4 Bc5 5. O-O d6 6. h3 Nf6 7. Re1 O-O 8. c3
Bd7 9. d4 exd4 10. cxd4 Bb4 11. Nc3 h6 12. Bc2 Ne7 13. Nh4 Nh7 14. Qf3 Nc6 15.
Qg3 Nxd4 16. Bb1 Kh8 17. Nf5 Nxf5 18. exf5 Re8 19. Be3 Nf6 20. Bc2 Bxc3 21.
bxc3 Ne4 22. Bxe4 Rxe4 23. Bd4 Rxe1+ 24. Rxe1 f6 25. Qf3 c5 26. Be3 Bc6 27. Qh5
Qf8 28. Bf4 Re8 29. Rxe8 Bxe8 30. Bxd6 Bxh5 31. Bxf8 c4 1/2-1/2

[Event "DEM U12/U12w 2010"]
[Site "Oberhof GER"]
[Date "2010.05.25"]
[Round "5"]
[White "Scholz, Robert"]
[Black "Samietz, Jannick"]
[Result "0-1"]
[Termination "normal"]
[Board "21"]
[WhiteElo "1599"]
[BlackElo "1362"]
[PlyCount "86"]
[WhiteFideId "1270301"]
[BlackFideId "12918091"]
[EventCountry "GER"]
[EventRounds "11"]
[EventType "swiss"]
[EventDate "2010.05.22"]

1. e4 d5 2. exd5 Qxd5 3. Nc3 Qd6 4. d4 Nf6 5. h3 c6 6. Nf3 e6 7. Bd3 Nbd7 8.
O-O Be7 9. Re1 O-O 10. a3 g6 11. Bh6 Re8 12. Qd2 Bf8 13. Bxf8 Qxf8 14. Re2 Nb6
15. Nd1 Bd7 16. Ne3 Nbd5 17. Ng4 Nxg4 18. hxg4 f5 19. Ne5 Rad8 20. g5 f4 21. c4
Nc7 22. Re4 Qg7 23. Rxf4 Re7 24. Rf6 Bc8 25. Nxg6 Red7 26. Ne5 Rxd4 27. Rd1 Ne8
28. Rf7 Qxe5 29. g6 hxg6 30. Rf3 Rh4 31. Qb4 c5 32. Qa5 Qd6 33. Qd2 Qh2+ 34.
Kf1 Qh1+ 35. Ke2 Qxg2 36. Rg3 Re4+ 37. Re3 Qg4+ 38. Ke1 Rxe3+ 39. Qxe3 b6 40.
Qh6 e5 41. f3 Qg3+ 42. Ke2 Bb7 43. Be4 Qg2+ 0-1

[Event "DEM U12/U12w 2010"]
[Site "Oberhof GER"]
[Date "2010.05.25"]
[Round "5"]
[White "Walter, Kevin"]
[Black "Borukhson, David"]
[Result "1-0"]
[Termination "normal"]
[Board "22"]
[WhiteElo "1777"]
[BlackElo "1414"]
[PlyCount "51"]
[WhiteFideId "12906654"]
[EventCountry "GER"]
[EventRounds "11"]
[EventType "swiss"]
[EventDate "2010.05.22"]

1. e4 c5 2. Nf3 e6 3. d4 cxd4 4. Nxd4 a6 5. Nc3 Qc7 6. Bd3 Nf6 7. O-O Be7 8.
Bg5 d6 9. f4 Qb6 10. Kh1 Qxb2 11. Qd2 Qb6 12. e5 Ng8 13. Bxe7 Nxe7 14. Ne4 dxe5
15. fxe5 O-O 16. Nd6 Nd7 17. Nf3 Nc5 18. Ng5 Nxd3 19. Qxd3 g6 20. Qh3 h5 21. g4
Qc6+ 22. Nde4 Qb5 23. gxh5 Qxe5 24. hxg6 Qh8 25. gxf7+ Kg7 26. Qc3+ 1-0

[Event "DEM U12/U12w 2010"]
[Site "Oberhof GER"]
[Date "2010.05.25"]
[Round "5"]
[White "Hartmann, Jakob"]
[Black "Mann, Johannes"]
[Result "1-0"]
[Termination "normal"]
[Board "23"]
[WhiteElo "1402"]
[BlackElo "1657"]
[PlyCount "59"]
[WhiteFideId "12918067"]
[BlackFideId "24691380"]
[EventCountry "GER"]
[EventRounds "11"]
[EventType "swiss"]
[EventDate "2010.05.22"]

1. e4 d6 2. d4 Nf6 3. Nc3 g6 4. f4 Bg7 5. Nf3 O-O 6. Bd3 Nfd7 7. e5 dxe5 8.
dxe5 e6 9. O-O f6 10. Bc4 Qe7 11. exf6 Bxf6 12. Re1 Qc5+ 13. Kh1 Qxc4 14. Bd2
Nb6 15. Ne5 Bxe5 16. fxe5 Qh4 17. Ne4 Qd8 18. Qg4 Nd5 19. c4 Ne7 20. Nf6+ Rxf6
21. exf6 Nf5 22. Bg5 Kf7 23. Qh3 h5 24. g4 Nd6 25. gxh5 Nf5 26. hxg6+ Kxg6 27.
Rg1 b6 28. Bf4+ Kf7 29. Qh7+ Kxf6 30. Rg6# 1-0

[Event "DEM U12/U12w 2010"]
[Site "Oberhof GER"]
[Date "2010.05.25"]
[Round "5"]
[White "Altstadt, Karl-Simon"]
[Black "Essler, Oskar"]
[Result "0-1"]
[Termination "normal"]
[Board "24"]
[WhiteElo "1401"]
[BlackElo "1568"]
[PlyCount "44"]
[WhiteFideId "24696676"]
[BlackFideId "12918024"]
[EventCountry "GER"]
[EventRounds "11"]
[EventType "swiss"]
[EventDate "2010.05.22"]

1. e4 e6 2. d3 d5 3. Qe2 c5 4. exd5 Qxd5 5. Nc3 Qd8 6. Nf3 Nc6 7. Bf4 Nf6 8. g3
Nd4 9. Nxd4 cxd4 10. Nb5 Qa5+ 11. Bd2 Qxb5 12. O-O-O Bd6 13. Bg2 O-O 14. h4 Qa4
15. Kb1 e5 16. Bg5 Ng4 17. f3 Ne3 18. Bxe3 dxe3 19. Qxe3 Be6 20. b3 Qa3 21. h5
Rfc8 22. f4 Rxc2 0-1

[Event "DEM U12/U12w 2010"]
[Site "Oberhof GER"]
[Date "2010.05.25"]
[Round "5"]
[White "Wendland, Tobias"]
[Black "Schnepper, Pauline"]
[Result "0-1"]
[Termination "normal"]
[Board "25"]
[WhiteElo "1630"]
[BlackElo "1536"]
[PlyCount "108"]
[WhiteFideId "24662267"]
[BlackFideId "12918040"]
[EventCountry "GER"]
[EventRounds "11"]
[EventType "swiss"]
[EventDate "2010.05.22"]

1. d4 d5 2. c4 c6 3. Nc3 e6 4. Nf3 dxc4 5. a4 Bb4 6. Bg5 f6 7. Bf4 b5 8. e4 a5
9. Be2 h6 10. O-O Bxc3 11. bxc3 Ne7 12. Nd2 Nd7 13. Bh5+ g6 14. Bg4 Nb6 15.
axb5 cxb5 16. Qf3 f5 17. exf5 exf5 18. Rfe1 fxg4 19. Qc6+ Kf7 20. Qc5 Bb7 21.
Bc7 Qd7 22. Qxb6 Qc6 23. Qxc6 Nxc6 24. Reb1 Rhc8 25. Bb6 b4 26. Nxc4 bxc3 27.
Nd6+ Ke6 28. Nxb7 c2 29. Rc1 Rab8 30. Nc5+ Kd5 31. Bxa5 Nxd4 32. Na6 Ne2+ 33.
Kf1 Nxc1 34. Nb4+ Rxb4 35. Bxb4 Nb3 36. Re1 c1=Q 37. Rxc1 Rxc1+ 38. Ke2 Rh1 39.
Ke3 Rxh2 40. g3 g5 41. Bf8 Nc5 42. f4 gxf4+ 43. gxf4 Rh3+ 44. Kf2 Rf3+ 45. Kg2
h5 46. Bh6 Ne6 47. Kh1 Nxf4 48. Bxf4 Rxf4 49. Kg1 Ra4 50. Kh2 Ra3 51. Kg2 h4
52. Kh2 h3 53. Kg1 g3 54. Kh1 Ra1# 0-1